Sanat - "Tonttu" - Statistics

Yleistilastot
  • Tätä visaa on pelattu 163 kertaa
    37 viimeisimmän päivityksen jälkeen
  • Keskiarvotulos 141 / 330
Vastaustilastot
Vastaus % Oikein
tonttu
100%
ei
89%
saa
89%
on
86%
ja
82%
unta
79%
vaan
79%
kattojen
75%
lunta
75%
päällä
75%
Pakkasyö
75%
ääneti
71%
käy
71%
kulkuaan
71%
kuu
71%
leiskuen
71%
valkeanaan
71%
hiljaisen
68%
kartanon
68%
kiskoo
68%
mi
68%
pohja
68%
viskoo
68%
kansa
64%
ken
64%
loimuja
64%
puissa
64%
yösydän
64%
tirkistää
61%
untaan
61%
aina
57%
ainaista
57%
hän
57%
hankeen
57%
jää
57%
ongelma
57%
taivasta
57%
tapaa
57%
tulee
57%
vanhaan
57%
harmaana
54%
kohti
54%
kuuhun
54%
Ladosta
54%
metsä
54%
min
54%
ongelmataan
54%
suuhun
54%
tapaansa
54%
katsoo
50%
se
50%
suuntaan
50%
uksen
50%
hongat
46%
jo
46%
metsää
46%
tää
46%
miettivi
43%
sataan
43%
en
39%
kyllä
39%
missä
39%
tie
39%
tuttu
39%
tuulensuojana
39%
vain
39%
voi
39%
Aitat
36%
aprikoi
36%
istuu
36%
kanat
36%
karsinaan
36%
kukko
36%
lehmät
36%
liehakoi
36%
ne
36%
parta
36%
Partaa
36%
sen
36%
tarkastain
36%
vahdille
36%
ylinnä
36%
haassa
32%
heinää
32%
heittää
32%
herää
32%
järkevään
32%
kaikki
32%
koittaa
32%
kopissa
32%
kytkyin
32%
Lammasten
32%
lukkoja
32%
luo
32%
nyt
32%
nytkyin
32%
pienallaan
32%
pois
32%
pulma
32%
puodit
32%
puree
32%
seinää
32%
sivellen
32%
taas
32%
tätä
32%
ukko
32%
vahti
32%
vasta
32%
ymmärtää
32%
aikaa
29%
ajan
29%
alla
29%
antavan
29%
arvoa
29%
häntää
29%
hyvin
29%
Isän
29%
isäntäväki
29%
kahleissa
29%
kuulevinaan
29%
lähtee
29%
lienee
29%
makaa
29%
makuulla
29%
minne
29%
mut
29%
näkee
29%
näki
29%
nämä
29%
pään
29%
puoleksi
29%
puuhiinsa
29%
siellä
29%
toimeen
29%
tontulle
29%
torkkuen
29%
työhön
29%
unelmoi
29%
unissaan
29%
Vaiti
29%
vaivat
29%
vasten
29%
yöhön
29%
elämä
25%
harmajanuttu
25%
jään
25%
koski
25%
lähde
25%
monten
25%
myöskin
25%
nähdäkseen
25%
nähnyt
25%
näiden
25%
pääsky
25%
päätä
25%
pojan
25%
polvet
25%
polvien
25%
puhki
25%
puistaa
25%
ruunan
25%
selkään
25%
siimat
25%
soi
25%
suitset
25%
suuri
25%
tupahan
25%
tuumii
25%
vienee
25%
virtaa
25%
avutonten
21%
hasta
21%
hiipivi
21%
juuri
21%
kummeksis
21%
kuohuvi
21%
läks
21%
lasna
21%
lasten
21%
mihin
21%
niin
21%
nukkuvan
21%
nuo
21%
oli
21%
palaa
21%
pienet
21%
Puikkii
21%
riemu
21%
sitä
21%
sulot
21%
tietämiin
21%
vanheni
21%
varpain
21%
yksinään
21%
halaa
18%
hälle
18%
humuten
18%
josta
18%
keväällä
18%
Latoon
18%
majaa
18%
metsän
18%
mistähän
18%
nousi
18%
pitää
18%
poissa
18%
takaa
18%
aamuhun
14%
armaan
14%
joka
14%
kiusaa
14%
kumottuu
14%
lehdosta
14%
liki
14%
loistaa
14%
mieltä
14%
miettii
14%
monta
14%
muistoa
14%
naapuri
14%
näin
14%
ongelmaa
14%
pääskyn
14%
partahan
14%
parvelle
14%
puolison
14%
pyrkii
14%
rajaa
14%
raosta
14%
räystään
14%
seinän
14%
selkoa
14%
seurassa
14%
Silloin
14%
sirkuttaa
14%
tieltä
14%
tunne
14%
tuoksuun
14%
tuomiston
14%
ukon
14%
vaikka
14%
varmaan
14%
hulmaa
11%
noin
11%
pulmaa
11%
saapuu
11%
suovallaan
11%
toki
11%
liikkuu
7%
Ehtoja vastaavia visoja ei löytynyt
Tulosjakauma
Jokaisen tuloksen saaneiden osuus
Persentiili vastausten määrän mukaan
Tuloshistoriasi
Et ole pelannut tätä visaa sen viimeisimmän päivityksen jälkeen